| 000 | 002920000a22001090004500 | ||
|---|---|---|---|
| 090 |
_aAS _bSeriadas |
||
| 245 | 1 | 0 | _aNuevas especies colombianas de Connarus (<Connaraceae>) |
| 041 | 0 | _aEspaƱol | |
| 100 | 1 |
_aForero, Enrique _992822 |
|
| 942 | _cARTICULO | ||
| 773 | 1 |
_tCaldasia _345 _h61 _q3-8 _d1980 _g8 |
|
| 999 |
_c14557 _d14557 |
||